Central Library OPAC University of Rajshahi

Researches into the mathematical principles of the theory of wealth 1838 / (Record no. 46307)

MARC details
000 -LEADER
fixed length control field 01079nam a2200325 a 4500
001 - CONTROL NUMBER
control field 46307
003 - CONTROL NUMBER IDENTIFIER
rucl marc code BD-RjUL
005 - DATE AND TIME OF LATEST TRANSACTION
control field 20211209054132.0
008 - FIXED-LENGTH DATA ELEMENTS--GENERAL INFORMATION
fixed length control field 160801r1960 nyua b 001 0 eng
035 ## - SYSTEM CONTROL NUMBER
System control number (BD-RjUL) 46425
System control number (OCoLC)00169289
System control number GLIS00472643
040 ## - CATALOGING SOURCE
Original cataloging agency DLC
Transcribing agency WSU
Modifying agency SER
-- m.c.
-- m/c
-- RCD
-- BD-RjUL
Language of cataloging eng
041 ## - LANGUAGE CODE
Language code of text/sound track or separate title eng
082 ## - DEWEY DECIMAL CLASSIFICATION NUMBER
Edition number 23
Classification number 330.1
Author mark and year COR 1960
090 ## - LOCALLY ASSIGNED LC-TYPE CALL NUMBER (OCLC); LOCAL CALL NUMBER (OCLC)
Classification number (OCLC) (R) ; Classification number, CALL (RLIN) (NR) HB74.M3
Local cutter number (OCLC) ; Book number/undivided call number, CALL (RLIN) C8612 1960
099 ## - LOCAL FREE-TEXT CALL NUMBER (OCLC)
Bangla Class number HB74.M3.C8612 1960
100 1# - MAIN ENTRY--PERSONAL NAME
Personal name Cournot, A. A.
Fuller form of name (Antoine Augustin),
Dates associated with a name 1801-1877.
9 (RLIN) 141403
245 10 - TITLE STATEMENT
Title Researches into the mathematical principles of the theory of wealth 1838 /
Statement of responsibility, etc. Cournot, A. A.
260 ## - PUBLICATION, DISTRIBUTION, ETC. (IMPRINT)
Place of publication, distribution, etc. New York,
Name of publisher, distributor, etc. A. M. Kelley,
Date of publication, distribution, etc. 1960.
300 ## - PHYSICAL DESCRIPTION
Pagination xxiv, 213 p. :
Illustrations ill. ;
Size 18 cm.
490 1# - SERIES STATEMENT
Series statement Reprints of economic classics
500 ## - GENERAL NOTE
General note Includes index.
504 ## - BIBLIOGRAPHY, ETC. NOTE
Bibliography, etc "Bibliography of mathematical economics": p. 173-209.
650 #0 - SUBJECT ADDED ENTRY--TOPICAL TERM
Topical term or geographic name as entry element Economics, Mathematical.
9 (RLIN) 141404
700 1# - ADDED ENTRY--PERSONAL NAME
Personal name Fisher, Irving,
Dates associated with a name 1867-1947.
830 #0 - SERIES ADDED ENTRY--UNIFORM TITLE
Uniform title Reprints of economic classics.
942 ## - ADDED ENTRY ELEMENTS (KOHA)
Source of classification or shelving scheme Dewey Decimal Classification
Koha item type Books
949 ## - LOCAL PROCESSING INFORMATION (OCLC)
a MYGD
Holdings
Lost status Source of classification or shelving scheme Damaged status Not for loan Collection code Permanent Location Current Location Shelving location Date acquired Source of acquisition Cost, normal purchase price Total Checkouts Full call number Date last seen Copy number Koha item type
  Dewey Decimal Classification     Non-fiction Central Library, University of Rajshahi Central Library, University of Rajshahi   26/01/1963 Zeitlinger 45.00   330.1 COR 1960 01/08/2016 C-2 Books